000 00153nam a22000857a 4500
082 _a823
100 _aELIZEBETH LINDSAY
245 _aMAGIC PONY
942 _cBK
999 _c8414
_d8414